Guess the motorsport series based on the champion #1 - Statistics

General Stats
  • This quiz has been taken 98 times
  • The average score is 4 of 10
Answer Stats
Latest champion (2022) Series % Correct
Felipe Drugovich FIA Formula 2 Championship
88%
Will Power IndyCar Series
84%
Jamie Chadwick W Series
53%
Sheldon van der Linde Deutsche Tourenwagen Masters
52%
Alvaro Bautista Superbike World Championship
31%
Louis Deletraz/Ferdinand Habsburg European Le Mans Series
23%
Ty Gibbs NASCAR Xfinity Series
22%
Efren Llarena/Sara Fernandez European Rally Championship
19%
Mikel Azcona World Touring Car Cup
16%
Bartosz Zmarzlik Speedway Grand Prix
8%
No matching quizzes found
Score Distribution
Percent of People with Each Score
Percentile by Number Answered
Your Score History
You have not taken this quiz